Zurita chilensis: nuestro dolor, nuestra esperanza
Shranjeno v:
| Glavni avtor: | |
|---|---|
| Format: | Knjiga |
| Jezik: | španščina |
| Izdano: |
Santiago
FLACSO
1985
|
| Serija: | Contribuciones. Programa Flacso, 33
|
| Teme: | |
| Oznake: |
Označite
Brez oznak, prvi označite!
|
MARC
| LEADER | 00000nam a2200000 a 4500 | ||
|---|---|---|---|
| 001 | UCZ7359 | ||
| 003 | CL-VaPUC | ||
| 008 | 951228e19850000CL |||||||||||||||||spa|d | ||
| 082 | 0 | 4 | |a Ch861.9 |b CAN |2 21 |
| 100 | 0 | |a Cánovas E., Rodrigo |e author |9 352191 | |
| 245 | 1 | 0 | |a Zurita chilensis: nuestro dolor, nuestra esperanza |
| 300 | |a 51 p | ||
| 942 | |c BK | ||
| 945 | |d 19951228 00:00:00 |a cmena | ||
| 260 | |a Santiago |b FLACSO |c 1985 | ||
| 650 | 0 | |a Poesía chilena |9 268403 | |
| 650 | 0 | |a Literatura chilena |9 308278 | |
| 650 | 0 | |a Ensayos |9 268724 | |
| 650 | 0 | |a Literatura contemporánea |9 321959 | |
| 583 | |a last modification |c 19951228 00:00:00 |k Rodrigo Vera | ||
| 490 | 0 | |a Contribuciones. Programa Flacso, 33 | |
| 999 | |c 243451 |d 243449 | ||
| 952 | |0 0 |1 0 |4 0 |6 CH_861_900000000000000_CAN_1985 |7 0 |8 P |9 257081 |a BIBEDU |b BIBEDU |d 2019-11-19 |i 1613928 |o Ch861.9 CAN 1985 |p 1613928 |r 2019-11-19 |w 2019-11-19 |y BK |k EDU | ||